|
|
|
|
| LEADER |
00589nam a22001811a 4500 |
| 020 |
|
|
|a 9780761973218
|c 0.00
|
| 040 |
|
|
|a SSUS - Library - Kalady
|
| 082 |
|
|
|a 616.891 4
|b COO E
|
| 100 |
|
|
|a Cooper Mick
|
| 245 |
|
|
|a Existential Therapies
|h [Text]
|
| 260 |
|
|
|a New Delhi
|b Sage
|c 2004
|
| 300 |
|
|
|a 169p.
|
| 600 |
|
|
|a Behaviour Therapy
|
| 600 |
|
|
|a Psychotherapy
|
| 852 |
|
|
|h 616.891 4
|i COO E
|p 052327
|9 1722.39
|t 0
|
| 942 |
|
|
|c BK
|
| 999 |
|
|
|c 14145
|d 14145
|
| 952 |
|
|
|0 0
|1 0
|4 0
|6 616_891000000000000_4_COO_E
|7 0
|9 20250
|a SSUS
|b SSUS
|d 2015-01-08
|g 1722.39
|o 616.891 4 COO E
|p 052327
|r 2015-01-08
|v 0.00
|w 2015-01-08
|y BK
|